Sweden Olympic ice hockey roster 2026 - Statistics

General Stats
  • This quiz has been taken 51 times
  • The average score is 13 of 26
Answer Stats
Answer % Correct
Rasmus Dahlin
81%
Victor Hedman
78%
William Nylander
78%
Mika Zibanejad
72%
Filip Gustavsson
69%
Joel Eriksson Ek
69%
Jacob Markstrom
66%
Erik Karlsson
63%
Filip Forsberg
59%
Elias Pettersson
56%
Lucas Raymond
56%
Jesper Wallstedt
53%
Gabriel Landeskog
50%
Oliver Ekman-Larsson
50%
Adrian Kempe
47%
Rasmus Andersson
47%
Gustav Forsling
44%
Jesper Bratt
44%
Elias Lindholm
41%
Hampus Lindholm
41%
Philip Broberg
31%
Rickard Rakell
31%
Jonas Brodin
28%
Marcus Johansson
28%
Alexander Wennberg
25%
Pontus Holmberg
25%
No matching quizzes found
Score Distribution
Percent of People with Each Score
Percentile by Number Answered
Your Score History
You have not taken this quiz